00330nam a2200133Ia 4500008004100000020001500041041001200056082001600068100001800084245004600102260002500148300000800173650001500181221030s9999 xx 000 0 und d a8120317084 aEnglish a105.23bRob aS. P. Robbins 0aOrganizational Behaviorcby S. P. Robbins bPHIaNew Delhic2002 a642 aManagement